[Event "Wch Juvenil 2013 sub-16 femenino"]
[Site "Al-Ain UAE"]
[Date "2013.12.21"]
[Round "4.30"]
[White "Tursunova, Shakhnoza"]
[Black "Trippold, Denise"]
[Result "1-0"]
[WhiteElo "1937"]
[BlackElo "1789"]
[PlyCount "53"]
[EventDate "2013.12.19"]
[EventType "swiss"]
[EventRounds "11"]
[EventCountry "UAE"]
[Source "lmi"]
[SourceDate "2013.12.19"]

1. e4 c5 2. Nc3 e6 3. Nge2 Nc6 4. g3 d5 5. exd5 exd5 6. d3 h6 7. Bg2 Nf6 8. O-O
Be7 9. Re1 d4 10. Ne4 Nxe4 11. Bxe4 Bg4 12. f3 Bc8 13. f4 O-O 14. f5 Bg5 15.
Nf4 Re8 16. h4 Bf6 17. Nh5 Ne5 18. Bf4 Rb8 19. a4 b6 20. Qe2 Bb7 21. Nxf6+ gxf6
22. Qh5 Bxe4 23. Rxe4 Qd5 24. Bxh6 Kh7 25. Bg5+ Kg8 26. Bxf6 Ng6 27. Qh6 1-0

[Event "Wch Juvenil 2013 sub-16 femenino"]
[Site "Al-Ain UAE"]
[Date "2013.12.21"]
[Round "4.31"]
[White "Bermudez Veliz, Josselyn"]
[Black "Hua, Margaret"]
[Result "1/2-1/2"]
[BlackElo "1922"]
[PlyCount "78"]
[EventDate "2013.12.19"]
[EventType "swiss"]
[EventRounds "11"]
[EventCountry "UAE"]
[Source "lmi"]
[SourceDate "2013.12.19"]
[WhiteElo "1679"]

1. Nf3 Nf6 2. d4 d5 3. Bf4 e6 4. e3 Bd6 5. Bg3 O-O 6. c3 Nbd7 7. Bd3 Ne4 8.
Bxd6 cxd6 9. O-O f5 10. Nbd2 Ndf6 11. c4 Kh8 12. Qb3 Nxd2 13. Nxd2 Ne4 14. Rad1
Nxd2 15. Rxd2 dxc4 16. Bxc4 d5 17. Bd3 Qd6 18. Rc1 b6 19. Rdc2 Bb7 20. Rc7 Rfc8
21. Qc2 Kg8 22. Rxc8+ Rxc8 23. Qd2 Rxc1+ 24. Qxc1 Kf7 25. g3 Ke7 26. Kf1 Kd8
27. Ke2 Qb4 28. Qd2 Qa4 29. a3 Ba6 30. Bxa6 Qxa6+ 31. Qd3 Qc8 32. Kd2 Kd7 33.
Qb5+ Kd6 34. Qb4+ Kc6 35. Qc3+ Kb7 36. Qxc8+ Kxc8 37. Kd3 Kc7 38. f4 Kc6 39.
Kc3 Kb5 1/2-1/2

[Event "Wch Juvenil 2013 sub-16 femenino"]
[Site "Al-Ain UAE"]
[Date "2013.12.21"]
[Round "4.32"]
[White "Alboredo, Julia"]
[Black "Drogovoz, Maria"]
[Result "1-0"]
[WhiteElo "1830"]
[BlackElo "1898"]
[PlyCount "105"]
[EventDate "2013.12.19"]
[EventType "swiss"]
[EventRounds "11"]
[EventCountry "UAE"]
[Source "lmi"]
[SourceDate "2013.12.19"]

1. e4 c5 2. Nf3 d6 3. d4 cxd4 4. Qxd4 Nf6 5. Bb5+ Bd7 6. Bxd7+ Qxd7 7. Nc3 Nc6
8. Qe3 g6 9. h3 Bg7 10. O-O O-O 11. Qe2 a6 12. Bg5 Qe6 13. Rfe1 h6 14. Bf4 b5
15. Rad1 Nh5 16. Bh2 Qc4 17. Qxc4 bxc4 18. g4 Nf6 19. Nd5 Nd7 20. e5 Ndxe5 21.
Nxe5 Bxe5 22. Bxe5 dxe5 23. Nb6 Rad8 24. Nxc4 Nd4 25. Kf1 Nxc2 26. Rxd8 Rxd8
27. Rxe5 Rd7 28. Ra5 Ra7 29. Ne5 Nd4 30. Ra4 Ne6 31. Nc6 Rb7 32. b4 Nf4 33.
Rxa6 Nxh3 34. a4 Nf4 35. b5 Nd5 36. Ra7 Rxa7 37. Nxa7 Kf8 38. a5 Ke8 39. Nc6
Kd7 40. Ne5+ Ke6 41. b6 Nb4 42. b7 Na6 43. Nc6 Kd6 44. b8=Q+ Nxb8 45. Nxb8 Kc5
46. Nd7+ Kb5 47. Ne5 Kxa5 48. Nxf7 h5 49. g5 Kb5 50. Ne5 Kc5 51. Nxg6 Kd6 52.
Nh4 Ke5 53. Kg2 1-0

[Event "Wch Juvenil 2013 sub-16 femenino"]
[Site "Al-Ain UAE"]
[Date "2013.12.21"]
[Round "4.34"]
[White "Mendoza, Shania Mae"]
[Black "Methmani, Nelunika"]
[Result "1-0"]
[WhiteElo "1867"]
[BlackElo "1672"]
[PlyCount "93"]
[EventDate "2013.12.19"]
[EventType "swiss"]
[EventRounds "11"]
[EventCountry "UAE"]
[Source "lmi"]
[SourceDate "2013.12.19"]

1. e4 c5 2. Nf3 d6 3. d4 cxd4 4. Nxd4 Nf6 5. Nc3 a6 6. Be2 e5 7. Nb3 Be6 8. Be3
Be7 9. Qd2 Nbd7 10. f3 Rc8 11. O-O Nb6 12. Kh1 O-O 13. Rad1 Nc4 14. Bxc4 Rxc4
15. Bg5 b5 16. a3 Rc6 17. Qe1 Re8 18. Rf2 Rc4 19. Rfd2 Rc6 20. Nc1 Qc7 21. Nd3
Rd8 22. Nb4 Rb6 23. Bxf6 Bxf6 24. Ncd5 Bxd5 25. Nxd5 Qc5 26. Qg3 Kh8 27. Nxb6
Qxb6 28. Rd5 h6 29. Qe1 Bg5 30. R1d3 Qc6 31. Qd1 Qb6 32. Qe2 Kg8 33. g3 Kf8 34.
Kg2 Ke7 35. h4 Bc1 36. c3 h5 37. Rd1 Be3 38. R5d3 Bh6 39. Qf2 Qc7 40. Rd5 Qc4
41. R1d3 Rd7 42. Qb6 Bc1 43. Kf2 Bxb2 44. Rxd6 Rc7 45. R6d5 Bxa3 46. Rxe5+ Kf8
47. Rd8# 1-0

[Event "Wch Juvenil 2013 sub-16 femenino"]
[Site "Al-Ain UAE"]
[Date "2013.12.21"]
[Round "4.35"]
[White "Rodsmoen, Maud"]
[Black "Schnegg, Anna-Lena"]
[Result "1/2-1/2"]
[WhiteElo "1772"]
[BlackElo "2075"]
[PlyCount "97"]
[EventDate "2013.12.19"]
[EventType "swiss"]
[EventRounds "11"]
[EventCountry "UAE"]
[Source "lmi"]
[SourceDate "2013.12.19"]

1. e4 e5 2. Nf3 Nc6 3. Bb5 Nf6 4. O-O Nxe4 5. Re1 Nd6 6. Nxe5 Nxe5 7. Rxe5+ Be7
8. Bf1 O-O 9. d4 Bf6 10. Re1 Ne8 11. c3 d5 12. Bd3 c6 13. Bf4 Nd6 14. Qc2 g6
15. Nd2 Bf5 16. Bxf5 Nxf5 17. Nf3 Qd7 18. Ne5 Bxe5 19. Rxe5 f6 20. Re2 Rae8 21.
Rae1 Rxe2 22. Qxe2 Kf7 23. f3 Re8 24. Qxe8+ Qxe8 25. Rxe8 Kxe8 26. Kf2 Ke7 27.
Ke2 Kd7 28. g4 Ng7 29. Ke3 Ne6 30. Bg3 b6 31. Bb8 Kc8 32. Bd6 c5 33. Be7 f5 34.
gxf5 gxf5 35. Bd6 Kd7 36. Bb8 a5 37. Be5 Kc6 38. Kd3 c4+ 39. Kc2 b5 40. a3 b4
41. axb4 axb4 42. h4 b3+ 43. Kd2 Kd7 44. Ke3 Ke7 45. Kf2 Nd8 46. Kg3 Nc6 47.
Bf4 Kf6 48. Bg5+ Kg6 49. Bf4 1/2-1/2

[Event "Wch Juvenil 2013 sub-16 femenino"]
[Site "Al-Ain UAE"]
[Date "2013.12.21"]
[Round "4.37"]
[White "Egorova, Ayyyna"]
[Black "Mithran, Mirakla"]
[Result "1-0"]
[WhiteElo "2006"]
[BlackElo "1655"]
[PlyCount "107"]
[EventDate "2013.12.19"]
[EventType "swiss"]
[EventRounds "11"]
[EventCountry "UAE"]
[Source "lmi"]
[SourceDate "2013.12.19"]

1. e4 e6 2. d3 d5 3. Nd2 c5 4. Ngf3 Nc6 5. g3 Nf6 6. Bg2 Be7 7. O-O O-O 8. e5
Nd7 9. Re1 Qc7 10. Qe2 a5 11. Nf1 b6 12. h4 Ba6 13. c3 Rab8 14. N1h2 b5 15. h5
b4 16. h6 g6 17. Ng4 bxc3 18. bxc3 Qb6 19. Bg5 Qb5 20. Red1 Qa4 21. c4 Bxg5 22.
Nxg5 Nd4 23. Qd2 dxc4 24. Nf3 f5 25. exf6 Nxf6 26. Nxf6+ Rxf6 27. Nxd4 cxd4 28.
dxc4 Qxc4 29. Rac1 Qe2 30. Qxd4 Rbf8 31. Bf1 Qxa2 32. Rd2 e5 33. Qa7 R6f7 34.
Rxa2 Rxa7 35. Rxa5 Rfa8 36. Rca1 Bxf1 37. Rxa7 Rxa7 38. Rxa7 Bh3 39. f3 Bf5 40.
g4 Bd3 41. Rg7+ Kh8 42. Rd7 Bc4 43. Rd8+ Bg8 44. Re8 g5 45. Rxe5 Bf7 46. Rxg5
Be6 47. Rc5 Bf7 48. Kf2 Bg8 49. f4 Bb3 50. f5 Bg8 51. g5 Bf7 52. Rc7 Bg8 53. g6
Bf7 54. g7+ 1-0

[Event "Wch Juvenil 2013 sub-16 femenino"]
[Site "Al-Ain UAE"]
[Date "2013.12.21"]
[Round "4.38"]
[White "Serefidou, Despina"]
[Black "Kahanda, I D S."]
[Result "1/2-1/2"]
[WhiteElo "1958"]
[BlackElo "1647"]
[PlyCount "50"]
[EventDate "2013.12.19"]
[EventType "swiss"]
[EventRounds "11"]
[EventCountry "UAE"]
[Source "lmi"]
[SourceDate "2013.12.19"]

1. e4 e5 2. Nf3 Nc6 3. d4 exd4 4. Nxd4 Nf6 5. Nxc6 bxc6 6. e5 Nd5 7. c4 Nb6 8.
Bd3 Bb4+ 9. Nd2 O-O 10. O-O d5 11. Qh5 g6 12. Qh6 Re8 13. Nf3 Bf8 14. Qf4 Nd7
15. Re1 Nc5 16. Bc2 Ne6 17. Qd2 d4 18. Be4 Rb8 19. Bxc6 Bb4 20. Qh6 Bxe1 21.
Bg5 Bxf2+ 22. Kxf2 Rxb2+ 23. Kg1 Re7 24. Bd5 Qf8 25. Qxf8+ Kxf8 1/2-1/2

[Event "Wch Juvenil 2013 sub-16 femenino"]
[Site "Al-Ain UAE"]
[Date "2013.12.21"]
[Round "4.39"]
[White "Ilhom, Mootribai"]
[Black "Saikhanzaya, Ganbaatar"]
[Result "0-1"]
[WhiteElo "1702"]
[BlackElo "1939"]
[PlyCount "72"]
[EventDate "2013.12.19"]
[EventType "swiss"]
[EventRounds "11"]
[EventCountry "UAE"]
[Source "lmi"]
[SourceDate "2013.12.19"]

1. e4 e6 2. d4 d5 3. e5 c5 4. c3 Nc6 5. Nf3 Qb6 6. Bd3 cxd4 7. cxd4 Bd7 8. Bc2
Rc8 9. a3 Nge7 10. Nc3 Na5 11. O-O Nc4 12. Rb1 Qc7 13. Bd3 b6 14. Ne2 h6 15.
Nh4 g5 16. Nf3 Nf5 17. g4 Ng7 18. h4 Be7 19. hxg5 hxg5 20. Nxg5 f6 21. Bg6+ Kf8
22. Nh7+ Rxh7 23. Bxh7 fxe5 24. Bh6 Kf7 25. Nf4 Rh8 26. Qd3 e4 27. Bg6+ Kg8 28.
Qh3 Qxf4 29. Bxf4 Rxh3 30. Kg2 Rf3 31. Bh6 Rf6 32. Bxg7 Kxg7 33. Bh5 Bd6 34.
Rfd1 e3 35. f3 Nd2 36. Rbc1 Nxf3 0-1

[Event "Wch Juvenil 2013 sub-16 femenino"]
[Site "Al-Ain UAE"]
[Date "2013.12.21"]
[Round "4.40"]
[White "Menzi, Nezihe Ezgi"]
[Black "Ahmadova, Fatima"]
[Result "1-0"]
[WhiteElo "1925"]
[BlackElo "1634"]
[PlyCount "87"]
[EventDate "2013.12.19"]
[EventType "swiss"]
[EventRounds "11"]
[EventCountry "UAE"]
[Source "lmi"]
[SourceDate "2013.12.19"]

1. e4 c5 2. Nf3 e6 3. c3 d5 4. exd5 exd5 5. d4 Nf6 6. Bf4 Nc6 7. Bb5 Bd6 8.
Qe2+ Ne4 9. Bxd6 Qxd6 10. Bd3 O-O 11. O-O Re8 12. dxc5 Qxc5 13. Qc2 Bg4 14.
Nbd2 f5 15. Nb3 Qf8 16. Nfd4 Nxd4 17. Nxd4 Nd6 18. h3 Bh5 19. Nxf5 Nxf5 20.
Bxf5 g6 21. Bd3 Qf4 22. Rae1 Rxe1 23. Rxe1 Rf8 24. Bf1 g5 25. Re7 Bg6 26. Qe2
Rf7 27. Re8+ Rf8 28. Qe6+ Bf7 29. Rxf8+ Kxf8 30. Qc8+ Kg7 31. Qxb7 Qc1 32. Qxa7
Qxb2 33. Qd4+ Kg8 34. a4 Qa2 35. Bb5 Qa3 36. Qd2 h6 37. g3 Qc5 38. Qd4 Qe7 39.
Kg2 Qe6 40. Qe3 Qc8 41. Qe5 Qd8 42. Bd3 Qa8 43. Qd4 Qc6 44. a5 1-0

[Event "Wch Juvenil 2013 sub-16 femenino"]
[Site "Al-Ain UAE"]
[Date "2013.12.21"]
[Round "4.41"]
[White "Gomez Camacho, Micaela"]
[Black "Messaoui, Amira"]
[Result "1-0"]
[WhiteElo "1898"]
[BlackElo "1605"]
[PlyCount "61"]
[EventDate "2013.12.19"]
[EventType "swiss"]
[EventRounds "11"]
[EventCountry "UAE"]
[Source "lmi"]
[SourceDate "2013.12.19"]

1. e4 e5 2. Nf3 Nc6 3. Bc4 Bc5 4. c3 Nf6 5. d3 d6 6. Nbd2 h6 7. Nf1 Ne7 8. Ng3
Ng6 9. O-O O-O 10. d4 Bb6 11. h3 c6 12. Bb3 Bc7 13. Re1 Re8 14. Qc2 Bd7 15. Bd2
Qc8 16. Kh2 a6 17. Rad1 Rb8 18. Be3 Ra8 19. a4 b5 20. Qb1 Rf8 21. Qa2 Nf4 22.
dxe5 dxe5 23. Nh4 Bxh3 24. Bxf4 exf4 25. Ngf5 Bxf5 26. exf5 Ng4+ 27. Kg1 Bb6
28. Ng6 Bxf2+ 29. Kh1 Ne3 30. Ne7+ Kh8 31. Nxc8 1-0

[Event "Wch Juvenil 2013 sub-16 femenino"]
[Site "Al-Ain UAE"]
[Date "2013.12.21"]
[Round "4.42"]
[White "Liscinska, Jana"]
[Black "Patel, Yesim"]
[Result "0-1"]
[WhiteElo "1643"]
[BlackElo "1860"]
[PlyCount "133"]
[EventDate "2013.12.19"]
[EventType "swiss"]
[EventRounds "11"]
[EventCountry "UAE"]
[Source "lmi"]
[SourceDate "2013.12.19"]

1. c4 e5 2. Nc3 Nc6 3. g3 g6 4. Bg2 Bg7 5. Nf3 d6 6. O-O f5 7. d3 Nf6 8. Rb1 a5
9. a3 O-O 10. b4 axb4 11. axb4 h6 12. b5 Ne7 13. Qb3 Be6 14. Ne1 Nd7 15. Na4
Rb8 16. f4 Kh7 17. e3 g5 18. Bb2 Ng6 19. Qc2 b6 20. Qd1 Nf6 21. Nc2 gxf4 22.
exf4 exf4 23. gxf4 Rg8 24. Nb4 Qf8 25. Nc6 Re8 26. Nc3 Nh4 27. Ne2 Nxg2 28.
Kxg2 Ng4 29. Bc1 d5 30. Qc2 dxc4 31. dxc4 Qf7 32. h3 Bxc4 33. Ng3 Bxf1+ 34.
Kxf1 Nf6 35. Qxf5+ Qg6 36. Bb2 Nd5 37. Qxg6+ Kxg6 38. Ne5+ Kh7 39. Rc1 Bxe5 40.
Bxe5 Rxg3 41. h4 Re3 42. Kf2 R3xe5 43. fxe5 Rxe5 44. Rc6 Rf5+ 45. Kg3 Rf6 46.
Rc2 Kg7 47. Rc1 Kf7 48. Kg4 Ke7 49. Kh5 Kd7 50. Rc2 Rd6 51. Rc1 Nf4+ 52. Kg4
Nd3 53. Rc3 Rd5 54. Rb3 h5+ 55. Kf3 Nc5 56. Rb1 Rd4 57. Kg3 Ne6 58. Re1 Rd5 59.
Rb1 Nd4 60. Kf4 Nxb5 61. Rg1 c5 62. Rg7+ Kc6 63. Rg5 Rxg5 64. hxg5 Nd6 65. g6
Ne8 66. Ke5 Kd7 67. Kd5 0-1

[Event "Wch Juvenil 2013 sub-16 femenino"]
[Site "Al-Ain UAE"]
[Date "2013.12.21"]
[Round "4.43"]
[White "Hiebler, Laura"]
[Black "Solis Carbajal, Minueth Si"]
[Result "1-0"]
[WhiteElo "1840"]
[BlackElo "1602"]
[PlyCount "33"]
[EventDate "2013.12.19"]
[EventType "swiss"]
[EventRounds "11"]
[EventCountry "UAE"]
[Source "lmi"]
[SourceDate "2013.12.19"]

1. c4 e5 2. Nc3 c6 3. Nf3 d6 4. d4 f6 5. e4 g6 6. Be2 Bg7 7. O-O Ne7 8. b3 O-O
9. Be3 exd4 10. Nxd4 c5 11. Ndb5 f5 12. Rc1 a6 13. Nxd6 Bd4 14. Nxc8 Qxc8 15.
Nd5 Qd8 16. Nxe7+ Qxe7 17. Bxd4 1-0

[Event "Wch Juvenil 2013 sub-16 femenino"]
[Site "Al-Ain UAE"]
[Date "2013.12.21"]
[Round "4.44"]
[White "Baghirova, Khatin"]
[Black "Ait Abbas, Nesrine"]
[Result "1-0"]
[WhiteElo "1838"]
[BlackElo "1444"]
[PlyCount "45"]
[EventDate "2013.12.19"]
[EventType "swiss"]
[EventRounds "11"]
[EventCountry "UAE"]
[Source "lmi"]
[SourceDate "2013.12.19"]

1. e4 c6 2. Nf3 d5 3. Nc3 dxe4 4. Nxe4 Bf5 5. Ng3 Bg6 6. h4 h6 7. Ne5 Bh7 8.
Qh5 g6 9. Bc4 e6 10. Qe2 Qe7 11. d4 Nf6 12. Bd2 Bg7 13. a3 a5 14. b4 axb4 15.
Bxb4 Qc7 16. O-O Na6 17. Ba5 Qe7 18. Rfe1 Nd5 19. Bxd5 exd5 20. Nxg6 Qxe2 21.
Rxe2+ Kd7 22. Re7+ Kd6 23. Nf5# 1-0

[Event "Wch Juvenil 2013 sub-16 femenino"]
[Site "Al-Ain UAE"]
[Date "2013.12.21"]
[Round "4.45"]
[White "Smaraki, Mohanty"]
[Black "Kavya Srishti, K."]
[Result "1-0"]
[WhiteElo "1837"]
[BlackElo "1442"]
[PlyCount "81"]
[EventDate "2013.12.19"]
[EventType "swiss"]
[EventRounds "11"]
[EventCountry "UAE"]
[Source "lmi"]
[SourceDate "2013.12.19"]

1. c4 e5 2. Nc3 f5 3. g3 Nf6 4. Bg2 g6 5. d3 Bg7 6. e4 d6 7. Nge2 O-O 8. O-O
Nc6 9. h3 Be6 10. Be3 Qd7 11. exf5 Bxf5 12. g4 Be6 13. Ng3 Rae8 14. g5 Nh5 15.
Nxh5 gxh5 16. Qxh5 Bf7 17. Qh4 Bg6 18. Bd5+ Kh8 19. Be4 Bxe4 20. Nxe4 Qf7 21.
Qg4 a6 22. h4 Qf3 23. Qxf3 Rxf3 24. Kg2 Rff8 25. h5 Nb4 26. h6 Bxh6 27. gxh6
Nxd3 28. b3 Nf4+ 29. Bxf4 Rxf4 30. Ng3 Re6 31. Rh1 Ref6 32. Raf1 Rg6 33. Rh5
Kg8 34. f3 e4 35. Rh3 e3 36. Re1 Rff6 37. Rxe3 Rxh6 38. Rxh6 Rxh6 39. Re7 b5
40. Rxc7 bxc4 41. bxc4 1-0

[Event "Wch Juvenil 2013 sub-16 femenino"]
[Site "Al-Ain UAE"]
[Date "2013.12.21"]
[Round "4.48"]
[White "Breedt, Shade"]
[Black "Markaki, Sofia"]
[Result "1-0"]
[WhiteElo "1638"]
[BlackElo "1789"]
[PlyCount "75"]
[EventDate "2013.12.19"]
[EventType "swiss"]
[EventRounds "11"]
[EventCountry "UAE"]
[Source "lmi"]
[SourceDate "2013.12.19"]

1. e4 c5 2. Nc3 Nc6 3. f4 g6 4. Nf3 Bg7 5. Bb5 Nd4 6. O-O e6 7. d3 Ne7 8. Nxd4
cxd4 9. Ne2 a6 10. Ba4 b5 11. Bb3 Bb7 12. Ng3 h5 13. f5 h4 14. f6 Bxf6 15. Rxf6
hxg3 16. hxg3 Ng8 17. Rf1 Qe7 18. Qf3 f5 19. Qf2 Qh7 20. Qxd4 Ne7 21. Bf4 Rg8
22. Qe3 Rh8 23. Kf2 Qg7 24. c3 fxe4 25. dxe4 Rf8 26. Ke2 b4 27. Bh6 Rxf1 28.
Rxf1 Qg8 29. Rf8+ Qxf8 30. Bxf8 Kxf8 31. cxb4 Nc6 32. a3 Kg7 33. Qb6 Rb8 34.
Ke3 Bc8 35. Qc7 Kf7 36. Ba4 Bb7 37. Qxd7+ Ne7 38. Qc7 1-0

[Event "Wch Juvenil 2013 sub-16 femenino"]
[Site "Al-Ain UAE"]
[Date "2013.12.21"]
[Round "4.50"]
[White "Gunaratne, Manisha Suchini"]
[Black "Gamage, Yasasmi Umarusiru"]
[Result "1-0"]
[WhiteElo "1691"]
[BlackElo "1435"]
[PlyCount "63"]
[EventDate "2013.12.19"]
[EventType "swiss"]
[EventRounds "11"]
[EventCountry "UAE"]
[Source "lmi"]
[SourceDate "2013.12.19"]

1. e4 e6 2. d4 d5 3. Nd2 c5 4. c3 Bd7 5. Bd3 Nc6 6. Ne2 c4 7. Bc2 b5 8. O-O
Nge7 9. Re1 g6 10. exd5 Nxd5 11. Ne4 Qb8 12. Bg5 Bg7 13. Nc5 Nf6 14. Bf4 Qb6
15. Bd6 Nd8 16. Be5 Nc6 17. Bxf6 Bxf6 18. Nxd7 Kxd7 19. d5 Ne7 20. dxe6+ Ke8
21. Nf4 Rd8 22. Qf3 Rd2 23. exf7+ Kxf7 24. Re6 Qd8 25. Rxf6+ Kxf6 26. Nd5+ Ke6
27. Re1+ Kd7 28. Qg4+ Kc6 29. Nxe7+ Kc7 30. Qe6 Qd6 31. Qe3 Ra8 32. Be4 1-0

[Event "Wch Juvenil 2013 sub-16 femenino"]
[Site "Al-Ain UAE"]
[Date "2013.12.21"]
[Round "4.52"]
[White "Mira, Sarhan"]
[Black "Fisher, Michelle M"]
[Result "1/2-1/2"]
[WhiteElo "1312"]
[BlackElo "1627"]
[PlyCount "92"]
[EventDate "2013.12.19"]
[EventType "swiss"]
[EventRounds "11"]
[EventCountry "UAE"]
[Source "lmi"]
[SourceDate "2013.12.19"]

1. d4 Nf6 2. Nf3 g6 3. e3 Bg7 4. Bd3 O-O 5. b3 d5 6. Nbd2 Nbd7 7. Bb2 c5 8. O-O
cxd4 9. exd4 Re8 10. Re1 Qc7 11. Ne5 Nxe5 12. dxe5 Ng4 13. Nf3 f6 14. exf6 Nxf6
15. Bb5 Rd8 16. Qe2 e6 17. Ng5 Ng4 18. Qxg4 Bxb2 19. Rab1 Qxc2 20. Qe2 Qxe2 21.
Rxe2 Bc3 22. Nxe6 Bxe6 23. Rxe6 d4 24. Rd1 a6 25. Bc4 b5 26. Bd3 Kf7 27. Rc6
Re8 28. Rc7+ Re7 29. Rxe7+ Kxe7 30. g3 Kd6 31. Kg2 Rf8 32. h3 Kc5 33. Rc1 Kb4
34. Rc2 h6 35. Re2 Rf6 36. a4 bxa4 37. bxa4 Kxa4 38. Ra2+ Kb3 39. Rxa6 Rxa6 40.
Bxa6 Kc2 41. Bb7 Bb4 42. Be4+ d3 43. Bxg6 Kc3 44. Bxd3 Kxd3 45. Kf3 Kd4 46. Kg4
Be1 1/2-1/2

[Event "Wch Juvenil 2013 sub-16 femenino"]
[Site "Al-Ain UAE"]
[Date "2013.12.21"]
[Round "4.53"]
[White "Jacobsen, Caroline Beer"]
[Black "Karania, Saloni"]
[Result "1-0"]
[WhiteElo "1621"]
[BlackElo "1210"]
[PlyCount "109"]
[EventDate "2013.12.19"]
[EventType "swiss"]
[EventRounds "11"]
[EventCountry "UAE"]
[Source "lmi"]
[SourceDate "2013.12.19"]

1. e4 b6 2. d4 Bb7 3. Nc3 e6 4. Nf3 Bb4 5. Bd3 Nf6 6. Qe2 Bxc3+ 7. bxc3 Qe7 8.
O-O h6 9. c4 Nc6 10. a3 g5 11. Bb2 Rg8 12. Nd2 d6 13. Qe3 O-O-O 14. f4 Nh5 15.
d5 Nb8 16. f5 e5 17. Be2 Nf4 18. Bg4 Qf6 19. Qf3 h5 20. Bxh5 Nxh5 21. Qxh5 Rh8
22. Qf3 Rh6 23. a4 a5 24. Bc3 Rdh8 25. h3 Rh4 26. Rab1 Nd7 27. Nb3 Rg8 28. Be1
Rf4 29. Qe3 Rxf1+ 30. Kxf1 Ba6 31. Qe2 Nc5 32. Nxc5 dxc5 33. Qd3 Kd7 34. Qc3
Kd6 35. Ke2 Qh6 36. Kd3 f6 37. Qd2 Qg7 38. Bf2 Qf7 39. Qe2 c6 40. Rxb6 Bb7 41.
Qe3 Kc7 42. Qxc5 Qd7 43. Qxa5 Ra8 44. Ra6+ Kb8 45. Rxa8+ Bxa8 46. Qb6+ Kc8 47.
a5 cxd5 48. cxd5 Qe7 49. Bc5 Qd7 50. Bd6 Qf7 51. Qb8+ Kd7 52. Qa7+ Ke8 53.
Qxa8+ Kd7 54. Qb7+ Ke8 55. Qc8# 1-0

[Event "Wch Juvenil 2013 sub-16 femenino"]
[Site "Al-Ain UAE"]
[Date "2013.12.22"]
[Round "5.1"]
[White "Khademalsharieh, Sarasadat"]
[Black "Gu, Tianlu"]
[Result "0-1"]
[WhiteElo "2298"]
[BlackElo "2128"]
[PlyCount "86"]
[EventDate "2013.12.19"]
[EventType "swiss"]
[EventRounds "11"]
[EventCountry "UAE"]
[Source "lmi"]
[SourceDate "2013.12.19"]

1. d4 d5 2. c4 c6 3. cxd5 cxd5 4. Bf4 Nc6 5. e3 a6 6. Nc3 e6 7. Bd3 Bd6 8. Bxd6
Qxd6 9. Nf3 Nf6 10. O-O O-O 11. Rc1 Rd8 12. h3 Bd7 13. a3 Rac8 14. Nd2 e5 15.
Nb3 e4 16. Be2 Rb8 17. Nc5 Ne7 18. b4 Ng6 19. a4 Bf5 20. a5 Nh4 21. Kh1 Nd7 22.
Bg4 Nxc5 23. bxc5 Qg6 24. g3 Nf3 25. Bxf3 exf3 26. Qxf3 Bxh3 27. Nxd5 Qg5 28.
Nf4 Bxf1 29. Rxf1 g6 30. Kg2 Qf5 31. Rc1 h5 32. Rc3 Kg7 33. Rb3 Rh8 34. Rb6 h4
35. e4 Qd7 36. Nxg6 fxg6 37. Qf6+ Kg8 38. Qxg6+ Qg7 39. Qe6+ Qf7 40. Qe5 h3+
41. Kf1 h2 42. Qxb8+ Qf8 43. Rg6+ Kh7 0-1

[Event "Wch Juvenil 2013 sub-16 femenino"]
[Site "Al-Ain UAE"]
[Date "2013.12.22"]
[Round "5.2"]
[White "Nicolas Zapata, Irene"]
[Black "Styazhkina, Anna"]
[Result "1-0"]
[WhiteElo "2237"]
[BlackElo "2241"]
[PlyCount "79"]
[EventDate "2013.12.19"]
[EventType "swiss"]
[EventRounds "11"]
[EventCountry "UAE"]
[Source "lmi"]
[SourceDate "2013.12.19"]

1. Nf3 d5 2. d4 Nf6 3. c4 c6 4. e3 Bg4 5. Nbd2 e6 6. Qc2 Nbd7 7. Bd3 dxc4 8.
Qxc4 c5 9. O-O Bd6 10. e4 cxd4 11. Qxd4 Qc7 12. e5 Bxe5 13. Nxe5 Qxe5 14. Qb4
Qc5 15. Qa4 O-O 16. Ne4 Qd5 17. Nxf6+ Nxf6 18. Bc4 Qe5 19. h3 Bf5 20. Bb3 b5
21. Qa5 a6 22. Re1 Qb8 23. Be3 Qb7 24. Rad1 Rfc8 25. Rd6 Be4 26. Rb6 Qc7 27.
Rc1 Qd7 28. Rd1 Qc7 29. Rc1 Qd7 30. Rxa6 Rxc1+ 31. Bxc1 Rc8 32. Be3 Qd3 33.
Rxe6 Qb1+ 34. Kh2 Qf1 35. Rxe4 Nxe4 36. Qa7 Rf8 37. f3 Nf6 38. Bc5 Rc8 39.
Qxf7+ Kh8 40. Bf8 1-0

[Event "Wch Juvenil 2013 sub-16 femenino"]
[Site "Al-Ain UAE"]
[Date "2013.12.22"]
[Round "5.3"]
[White "Baldi, Valentine"]
[Black "Mahalakshmi, M."]
[Result "0-1"]
[WhiteElo "1877"]
[BlackElo "2110"]
[PlyCount "106"]
[EventDate "2013.12.19"]
[EventType "swiss"]
[EventRounds "11"]
[EventCountry "UAE"]
[Source "lmi"]
[SourceDate "2013.12.19"]

1. d4 Nf6 2. c4 e6 3. Nc3 Bb4 4. e3 O-O 5. a3 Bxc3+ 6. bxc3 d5 7. cxd5 exd5 8.
Bd3 Re8 9. Ne2 b6 10. O-O Ba6 11. Bxa6 Nxa6 12. Qd3 Nb8 13. f3 c5 14. Ng3 Nc6
15. Bd2 Na5 16. Be1 c4 17. Qe2 Nb3 18. Rb1 Qe7 19. e4 dxe4 20. Qxc4 Na5 21. Qa2
e3 22. Ne2 Rac8 23. Bh4 Qd6 24. Rfc1 Nd5 25. Bg3 Qc6 26. c4 Nxc4 27. a4 a6 28.
Nc3 Nxc3 29. Rxc3 Qd5 30. Rd3 Qf5 31. Qe2 Rcd8 32. Rb4 b5 33. h3 Re6 34. axb5
axb5 35. d5 Rg6 36. Kh2 Qg5 37. Bc7 Ra8 38. Rxb5 Ne5 39. Bxe5 Qxe5+ 40. Kg1
Ra1+ 41. Rd1 h6 42. Rbb1 Rxb1 43. Rxb1 Qxd5 44. Rb4 Re6 45. Rb8+ Kh7 46. Qc2+
f5 47. Rb1 e2 48. Re1 Qd4+ 49. Kh2 Qf2 50. Qd2 Rg6 51. Rg1 e1=Q 52. Qxe1 Rxg2+
53. Rxg2 Qxe1 0-1

[Event "Wch Juvenil 2013 sub-16 femenino"]
[Site "Al-Ain UAE"]
[Date "2013.12.22"]
[Round "5.4"]
[White "Velikic, Adela"]
[Black "Uzlavataya, Anhelina"]
[Result "1-0"]
[WhiteElo "2055"]
[BlackElo "1892"]
[PlyCount "73"]
[EventDate "2013.12.19"]
[EventType "swiss"]
[EventRounds "11"]
[EventCountry "UAE"]
[Source "lmi"]
[SourceDate "2013.12.19"]

1. e4 Nf6 2. e5 Nd5 3. d4 d6 4. c4 Nb6 5. exd6 cxd6 6. Nc3 g6 7. Be3 Bg7 8. Rc1
O-O 9. b3 Nc6 10. d5 Ne5 11. Be2 a6 12. f4 Ned7 13. Nf3 Nf6 14. Nd4 Nbd7 15.
O-O Nc5 16. Bf3 Qa5 17. Re1 Re8 18. a3 Qxa3 19. Ra1 Qb4 20. Na2 Qb6 21. b4 Nfd7
22. bxc5 dxc5 23. Ne2 Bxa1 24. Qxa1 Qc7 25. Nac3 Ra7 26. Nb5 axb5 27. Qxa7 bxc4
28. Qa4 e6 29. Nc3 e5 30. fxe5 Rxe5 31. Re2 g5 32. Qxc4 Qd8 33. Bxc5 Qc7 34.
Rxe5 Nxe5 35. Qd4 Bf5 36. d6 Nxf3+ 37. gxf3 1-0

[Event "Wch Juvenil 2013 sub-16 femenino"]
[Site "Al-Ain UAE"]
[Date "2013.12.22"]
[Round "5.5"]
[White "Narzikulova, Gulhae"]
[Black "Harutyunyan, Ani"]
[Result "0-1"]
[WhiteElo "1769"]
[BlackElo "1916"]
[PlyCount "84"]
[EventDate "2013.12.19"]
[EventType "swiss"]
[EventRounds "11"]
[EventCountry "UAE"]
[Source "lmi"]
[SourceDate "2013.12.19"]

1. d4 d5 2. c4 c6 3. Nc3 Nf6 4. cxd5 cxd5 5. e3 Nc6 6. Bd3 a6 7. Nf3 Bg4 8. h3
Bh5 9. O-O e6 10. Bd2 Bd6 11. a3 O-O 12. Rc1 Rc8 13. Na4 Ne4 14. Be2 Bb8 15.
Nc5 Qc7 16. Nxe4 dxe4 17. Ne5 Bxe2 18. Qxe2 f6 19. Qg4 fxe5 20. Qxe6+ Qf7 21.
Qxf7+ Kxf7 22. d5 Ne7 23. Bb4 Rfd8 24. Rxc8 Nxc8 25. Rd1 Bd6 26. Bc3 Ne7 27. f3
exf3 28. e4 fxg2 29. Kxg2 Ng6 30. Kg3 Nf4 31. Rd2 g5 32. Kg4 Kg6 33. Rh2 h5+
34. Kf3 Kf6 35. h4 g4+ 36. Kg3 Ke7 37. Rd2 Rc8 38. Kf2 Bc5+ 39. Kg3 Kd6 40. Rc2
b6 41. Kh2 a5 42. Kh1 g3 0-1